میرےتعلق سے / (Record no. 42779)

MARC details
000 -LEADER
fixed length control field 00989nam a22002297a 4500
005 - DATE AND TIME OF LATEST TRANSACTION
control field 20100820160031.0
008 - FIXED-LENGTH DATA ELEMENTS--GENERAL INFORMATION
fixed length control field 100412t xxu||||| |||| 00| 0 ur d
010 ## - LCCN (DPL NO)
LC control number UR-7812
020 ## - INTERNATIONAL STANDARD BOOK NUMBER
Terms of availability 250.00
035 ## - SYSTEM CONTROL NUMBER
System control number U-6367
040 ## - CATALOGING SOURCE
Original cataloging agency dpl
Language of cataloging ur
082 ## - DEWEY DECIMAL CLASSIFICATION NUMBER
Classification number 841.08
100 ## - MAIN ENTRY--PERSONAL NAME
9 (RLIN) 15656
Personal name ساحل احمد
245 ## - TITLE STATEMENT
Title میرےتعلق سے /
Statement of responsibility, etc ساحل احمد، مرتب
246 ## - VARYING FORM OF TITLE
Title proper/short title Mere Talluq se /
Remainder of title editedv by Sahil Ahmad
260 ## - PUBLICATION, DISTRIBUTION, ETC. (IMPRINT)
Place of publication, distribution, etc الہ آباد
Name of publisher, distributor, etc اردورائٹرس گلڈ
Date of publication, distribution, etc 2008
270 ## - ADDRESS
Address Urdu Writers Galad
City Allahabad
300 ## - PHYSICAL DESCRIPTION
Extent 176,ص
Other physical details 22 س م (Pbk)
942 ## - ADDED ENTRY ELEMENTS (KOHA)
Source of classification or shelving scheme Dewey Decimal Classification
Item type Urdu Bks
Classification part 841.08
Call number suffix س ا ح
Holdings
Withdrawn status Lost status Source of classification or shelving scheme Damaged status Not for loan Collection code Home library Current library Date acquired Source of acquisition Cost, normal purchase price Total Checkouts Full call number Barcode Date last seen Copy number Cost, replacement price Koha item type
    Dewey Decimal Classification   Not For Loan Non-fiction D.B.Act.Division D.B.Act.Division 20/08/2010 DBAD/PUB 250.00   841.08 س ا ح U-6367 20/08/2010 1 250.00 Urdu Bks

© Delhi Public Library
Hit Counter
free hit counter